An ionomeric renewable thermoplastic from lignin-reinforced rubber (Record no. 54174)

MARC details
000 -LEADER
fixed length control field 00570nam a2200205Ia 4500
100 ## - MAIN ENTRY--AUTHOR NAME
Personal name Barbnes S.H
245 #3 - TITLE STATEMENT
Title An ionomeric renewable thermoplastic from lignin-reinforced rubber
260 ## - PUBLICATION, DISTRIBUTION, ETC. (IMPRINT)
Name of publisher Macromolecular Rapid Communication
Year of publication 2019
500 ## - GENERAL NOTE
General note Source Year: 2019
650 ## - SUBJECT ADDED ENTRY--TOPICAL TERM
Topical Term Lignin-reinforced rubber
700 ## - ADDED ENTRY--PERSONAL NAME
Personal name Bowland C.C
700 ## - ADDED ENTRY--PERSONAL NAME
Personal name Chen J
700 ## - ADDED ENTRY--PERSONAL NAME
Personal name Goswami M
700 ## - ADDED ENTRY--PERSONAL NAME
Personal name Keum J.K
700 ## - ADDED ENTRY--PERSONAL NAME
Personal name Naskar A.K
700 ## - ADDED ENTRY--PERSONAL NAME
Personal name Nguyen N.A
856 ## - ELECTRONIC LOCATION AND ACCESS
Uniform Resource Identifier doi: 10.1002/marc.201900059
942 ## - ADDED ENTRY ELEMENTS (KOHA)
Koha item type Journals
Holdings
Withdrawn status Lost status Damaged status Not for loan Home library Current library Shelving location Date acquired Serial Enumeration / chronology Koha item type
      Journals RRII Library RRII Library Rubber technology 17/12/2021 Volume 40, Issue 13 Journals